000 00838nam a2200265 a 4500
001 57178
005 20180714053252.0
008 140415s2000 xxu r 000 0 spa d
020 _a978-1-84331-748-7
041 _aspa
082 0 _a215.0954
_bPAR
100 1 _aParanjape, Makarand
_eautor
245 1 0 _aScience, spirituality and the modernization of India /
_cMakarand Paranjape.
250 _a1a ed.
264 1 _aEstados Unidos de América:
_bAnthem press,
_c2008
300 _axxiv, 271 páginas :
_bilustraciones ;
_c23 cm.
336 _atexto
_2rdacontent
337 _asin mediación
_2rdamedia
338 _avolumen
_2rdacarrier
650 0 _aReligion y ciencia
_xIndia
_xHistoria
650 0 _aEspiritualidad
650 0 _aIndia
_xHistoria
_xCongresos
650 0 _aEspiritualidad
650 0 _aReligion
999 _c57178
_d57178